00619nam a2200193Ia 4500008004100000020001400041082001400055100002500069245004300094250000700137260004500144300004100189500001900230600003300249650001500282942000700297952010600304999001500410240925s9999 xx 000 0 und d a139483659 a158.2 VAN aVanfleet ,James K. 0a21 Days to Unlimited Power with People aNA aNew Jersey:bPrintice- Hall Int.c,1992. axii,235p.bNAfInternational Edition aIncludes Index aHumanities & Natural Science aPsychology cBK 001040708HUMaUITUbUITUd2000-03-18eNAl0o158.2 VANpQ2828r2024-09-25 07:12:56w2024-09-25yBK c5327d5327